000 00420nam a2200181Ia 4500
005 20250603144424.0
008 250603s9999 xx 000 0 und d
020 _a9789788425328
050 _aPR 6025 .A93 .M38/
100 _aAyakoroma, Barclays
245 2 _aA matter of honour
260 _aPortharcourt
260 _bKraftgroits
260 _c2003
300 _a73 p
650 _aPortharcourt
942 _cBK
999 _c38870
_d38870